Personnalités de A à Z (6) - Statistiques

Statistiques générales
  • Ce quiz a été pris 85 fois
  • Le résultat moyen est 8 sur 23
Statistiques - réponses
Par images Réponse % Correct
Florent {Pagny}
100%
Françoise {Hardy}
91%
Francky {Vincent}
87%
Félix {Lebrun}
84%
François-Xavier {Demaison}
76%
Fabien {Olicard}
56%
Françoise {Sagan}
48%
Fabio {Quartararo}
41%
Fabienne {Thibeault}
40%
François {Baroin}
39%
Françoise {Fabian}
29%
Françoise {Giroud}
25%
Fabienne {Egal}
20%
François {Cavanna}
13%
Frédéric {Zeitoun}
13%
Françoise {Xenakis}
11%
Florence {Nightingale}
9%
Françoise {Mallet-Joris}
8%
Frande {Roche}
8%
François {Arago}
7%
Frank {Welker}
3%
Frédéric {Joliot-Curie}
3%
Félix {Kir}
1%
Aucun quiz correspondant
Distribution des résultats
% des personnes avec chaque résultat
Percentile par nombre de réponses
Votre historique - résultats
Vous n’avez pas pris ce quiz